000 00630nam a2200205Ii 4500
003 JO-AjNU
008 230606s9999||||xx |||||||||||||| ||und||
020 _a0-9645-0874-1
040 _aJO-AjNU
_beng
_erda
_cJO-AjNU
041 _aeng
050 1 4 _aQA76.73.B3.M312.2003
100 3 _aMansfield,Richard,
_eauthor
_91053
245 0 0 _avisual Basic net Database programming For Dummies
264 3 1 _aHungry Minds:new york,2003
300 _a380p
336 _atext
_btxt
_2rdacontent
337 _aunmediated
_bn
_2rdamedia
338 _avolume
_bnc
_2rdacarrier
650 4 _avisual Basic net Database programming For Dummies
_91054
999 _aE553
_c553
_d553